00467nam a2200193 a 4500001001300000003000900013005001700022008004100039020001000080082001800090100002200108245002200130260003100152300000900183500003500192505001300227650001100240700002200251nice12345678IN_TiNIC20260116011401.0050524s1926 dela grp 000 0 ara  ac10000a297.124bWAL1 aWaliuddin, Shaikh aMishkatul Masabih aDelhibMatba Mujtabac1926 a1345 aincludes index and biblioraphy2 aarchives aHadith1 aWaliuddin, Shaikh